• 首页
  • 本馆介绍
  • 公告通知
  • 最新文献
  • 馆藏检索
  • 电子资源
  • 读者导购
  • 参考咨询
  • 我的图书馆
  • 登录
  • 详细信息显示
  • 放入我的书架
  • 预约/预借图书
  • 作者相关作品
  • 分类相关作品
  • 丛书相关作品
  • 出版社相关作品

书目信息

  • 表格格式
  • 工作单格式
  • 卡片格式
题名:
教子语录
    
 
作者: 周祥坦 编
分册:  
出版信息: 上海   上海大学出版社  2018
页数: 344页
开本: 23cm
丛书名: “语录”系列
单 册:
中图分类: G78-49
科图分类:
主题词: 儿童教育--Er Tong Jiao Yu--家庭教育--通俗读物
电子资源:
ISBN: 978-7-81118-156-2
000 00952nam 2200277 45
001 012001004092
005 20130128082126.0
010    @a978-7-81118-156-2@dCNY26.80
099    @aCAL 012008157056
100    @a20081114d2008 ekmy0chiy50 ea
101 0  @achi
102    @aCN@b310000
105    @aah a 000yy
106    @ar
200 1  @a教子语录@AJiao Zi Yu Lu@f周祥坦编
210    @a上海@c上海大学出版社@d2018
215    @a344页@c图, 摹真@d23cm
225 2  @a“语录”系列@A“yu Lu ”xi Lie
320    @a有书目。
330    @a本书从幼教从严、立志成才、读书进取、教子有方、俭朴戒奢、诚信做人、谦虚处世、交友必慎、尊师敬老、遗子清贫、身教为先等十多个方面,从上百种古文献中萃集了中国古人教子格言和经典范例。
410  0 @12001@a“语录”系列
606 0  @a儿童教育@AEr Tong Jiao Yu@x家庭教育@j通俗读物
690    @aG78-49@v4
701  0 @a周祥坦@AZhou Xiang Tan@4编
801  2 @aCN@b江苏凤凰@c20191020
905    @b1219388-91@dG78-49@e1075@f4
    
    教子语录/周祥坦编.-上海:上海大学出版社,2018
    344页:图, 摹真;23cm.-(“语录”系列)
    
    
    ISBN 978-7-81118-156-2:CNY26.80
    本书从幼教从严、立志成才、读书进取、教子有方、俭朴戒奢、诚信做人、谦虚处世、交友必慎、尊师敬老、遗子清贫、身教为先等十多个方面,从上百种古文献中萃集了中国古人教子格言和经典范例。
●
相关链接 在E读中查询图书 在五车中查询图书 在当当中查询图书 在豆瓣中查询图书


正题名:教子语录     索取号:G78-49/1075         预约/预借

序号 登录号 条形码 馆藏地/架位号 状态 备注
1 1219388   212193883   第一样本阅览室/ [索取号:G78-49/1075] 在馆    
2 1219389   212193892   教育系资料室/ [索取号:G78-49/1075] 在馆    
3 1219390   212193909   教育系资料室/ [索取号:G78-49/1075] 在馆    
4 1219391   212193918   第四借阅区/ [索取号:G78-49/1075] 在馆    
唐山师范学院图书馆 欢迎您!
大连网信软件有限公司© 版权所有